header

Back in the West (Record no. 39890)

MARC details
000 -LEADER
fixed length control field 01699nam a2200385 a 4500
082 04 - DEWEY DECIMAL CLASSIFICATION NUMBER
Classification number 305
245 00 - TITLE STATEMENT
Title Back in the West
260 ## - PUBLICATION, DISTRIBUTION, ETC. (IMPRINT)
Place of publication Frankfurt am Main [Germany] :
Name of publisher Peter Lang Edition,
Year of publication 2013.
300 ## - PHYSICAL DESCRIPTION
Number of Pages 265 p. :
Other physical details ill.
505 0# - FORMATTED CONTENTS NOTE
Formatted contents note pt. 1. Contextualising lifestyle trends in Estonia -- pt. 2. Lifestyle choices and identities in transforming society.
650 #0 - SUBJECT ADDED ENTRY--TOPICAL TERM
Topical Term Lifestyles
Topical Term Group identity
Topical Term Post-communism
700 1# - ADDED ENTRY--PERSONAL NAME
Personal name Allaste, Airi-Alina.
856 40 - ELECTRONIC LOCATION AND ACCESS
Uniform Resource Identifier http://site.ebrary.com/lib/rucke/Doc?id=10722837

No items available.

© 2026 Rongo University
Contact us: librarian | system librarian | Rongo university